000 nam a22 7a 4500
999 _c8913
_d8913
008 180120b ||||| |||| 00| 0 eng d
100 _aAggarwal R. S
_93422
245 _aComposite Mathematics
260 _aNew Delhi
_bS Chand Publication
_c2009